000 00869nam a22003015i 4500
001 21519420
005 20221119100510.0
008 200504s2020 nyu 000 0 eng
010 _a 2020938077
020 _a9780198854159
_q(paperback)
020 _z9780192596116
_q(epub)
020 _z9780192596109
040 _aDLC
_beng
_erda
_cDLC
042 _apcc
082 _a346.004
_bVIR
100 1 _aVirgo, Graham,
_eauthor.
_9103124
245 1 4 _aThe principles of equity & trusts /
_cGraham Virgo.
250 _a4th.
263 _a2006
264 1 _aUnited kingdom :
_bOxford University Press,
_c2020.
300 _a732 p. ;
_c24 cm
336 _atext
_btxt
_2rdacontent
337 _aunmediated
_bn
_2rdamedia
338 _avolume
_bnc
_2rdacarrier
906 _a0
_bibc
_corignew
_d2
_eepcn
_f20
_gy-gencatlg
942 _2ddc
_cBK
999 _c592401
_d592401